Statistiques concernant One Piece - Quizz personnages

Cliquez ici pour prendre le quiz!

Statistiques générales

  • Ce quiz a été pris 438 fois
    (432 depuis la dernière actualisation)
  • Le résultat moyen est 61 sur 151

Statistiques - réponses

Réponse% Correct
Monkey D Luffy
99%
Roronoa Zoro
96%
Nami
95%
Vinsmoke Sanji
94%
Nico Robin
92%
Tony Tony Chopper
92%
Usopp
91%
Franky
88%
Brook
87%
Portgas D Ace
84%
Shanks
82%
Edward Newgate Barbe Blanche
81%
Jinbe
80%
Baggy
78%
Crocodile
76%
Monkey D Garp
72%
Donquixote Doflamingo
71%
Aokiji
70%
Trafalgar Law
70%
Akainu
69%
Dracula Mihawk
69%
Marshall D Teach Barbe Noire
69%
Gol D Roger
68%
Marco
68%
Arlong
67%
Monkey D Dragon
67%
Nefertari Vivi
67%
Gecko Moria
66%
Boa Hancock
65%
Eustass Kid
65%
Bartholomew Kuma
62%
Koby
61%
Smoker
61%
Sengoku
60%
Ben Beckman
59%
Ener
58%
Alvida
57%
Mister 2 Bonclay
57%
Silvers Rayleigh
57%
Yasopp
56%
Lucci
54%
Hermep
53%
Killer
52%
Tashigi
52%
Kaku
51%
Kuro
51%
Zeff
51%
Urouge
50%
Don Krieg
49%
Joz
49%
Vista
48%
Basil Hawkins
47%
Magellan
47%
Emporio Ivankov
46%
Jewerley Bonney
46%
Morgan
46%
Nefertari Cobra
46%
Perona
46%
X Drake
46%
Lucky Roo
45%
Bepo
44%
Capone Bege
44%
Makino
43%
Apoo
42%
Belmer
42%
Laboon
42%
Absalom
40%
Gin
40%
Bellamy
39%
Crocus
39%
Kaya
39%
Inazuma
38%
Jesus Burgess
38%
Mister 3
38%
Nojiko
37%
Pell
37%
Icebarg
36%
Kizaru Borsalino
36%
Hiluluk
35%
Oz
35%
Wapol
35%
Doc Q
34%
Jango
34%
Spandam
34%
Tom
34%
Blueno
33%
Foxy
33%
Kureha
33%
Brogy
31%
Paulie
31%
Kuina
30%
Mister 1 Daz Bones
30%
Dorry
29%
Hogback
28%
Tsuru
28%
Wiper
28%
Hannyabal
27%
Laffite
27%
Norland
27%
Chaka
26%
Conis
25%
Miss Merry Christmas
25%
Sentomaru
25%
Fullbody
24%
Hina
24%
Miss Valentine
24%
Ryuma
24%
Van Augur
24%
Genzo
23%
Kokoro
23%
Dalton
22%
Igaram
22%
Margaret
22%
Miss Goldenweek
22%
Camie
21%
Ohm
21%
Pearl
21%
Miss Monday
20%
Satori
20%
Sadi
19%
Yama
19%
Calgara
18%
Johnny
17%
Gedatsu
16%
Shura
16%
Higuma
15%
Squardo
15%
Califa
14%
Pagaya
13%
Sarquiss
13%
Yosaku
13%
Aisa
12%
Masira
12%
Portgas D Rouge
12%
Shojo
12%
T-Bone
12%
Toto
12%
Hatchan
11%
Kohza
10%
Nico Olivia
10%
Paula
8%
Porche
8%
Hamburg
7%
Wanze
7%
Gan Fall
6%
Ippon Matsu
5%
Kumacy
4%
Hildon
3%
Sogeking
3%
Carue
2%
Haredas
1%

Distribution des résultats

Percentile par nombre de réponses

% des personnes avec chaque résultat

Votre développement - résultats

Vous n’avez pas pris ce quiz depuis la dernière actualisation